Brian's return / (Record no. 4420)

MARC details
000 -LEADER
fixed length control field 00835nam a22002537a 4500
001 - CONTROL NUMBER
control field 4420
003 - CONTROL NUMBER IDENTIFIER
control field FISKH
005 - DATE AND TIME OF LATEST TRANSACTION
control field 20240904085444.0
008 - FIXED-LENGTH DATA ELEMENTS--GENERAL INFORMATION
fixed length control field 240904b cb ||||| |||| 00| 0 eng d
020 ## - INTERNATIONAL STANDARD BOOK NUMBER
International Standard Book Number 9780545448154
040 ## - CATALOGING SOURCE
Original cataloging agency FISKH
Language of cataloging eng
Transcribing agency FISKH
Modifying agency FISKH
050 ## - LIBRARY OF CONGRESS CALL NUMBER
Classification number PZ7.P2843
082 ## - DEWEY DECIMAL CLASSIFICATION NUMBER
Edition number 813
100 ## - MAIN ENTRY--PERSONAL NAME
Personal name Paulsen, Gary
Dates associated with a name (1939–2021)
245 ## - TITLE STATEMENT
Title Brian's return /
Statement of responsibility, etc. By Gary Paulsen
250 ## - EDITION STATEMENT
Edition statement This edition first printing 2012
260 ## - PUBLICATION, DISTRIBUTION, ETC.
Place of publication, distribution, etc. New York :
Name of publisher, distributor, etc. Scholastic,
Date of publication, distribution, etc. 2012.
300 ## - PHYSICAL DESCRIPTION
Extent 115 pages :
Dimensions 17cm
520 ## - SUMMARY, ETC.
Summary, etc. After having survived alone in the wilderness, Brian finds that he can no longer live in the city but must return to the place where he really belongs.<br/>
650 ## - SUBJECT ADDED ENTRY--TOPICAL TERM
Source of heading or term Fiction
Form subdivision Young adult
Chronological subdivision Nature
Geographic subdivision Survival
650 ## - SUBJECT ADDED ENTRY--TOPICAL TERM
Source of heading or term Self-reliance
Form subdivision Juvenile
Chronological subdivision Adventure
942 ## - ADDED ENTRY ELEMENTS (KOHA)
Source of classification or shelving scheme Dewey Decimal Classification
Koha item type Books
Suppress in OPAC No
Holdings
Withdrawn status Lost status Source of classification or shelving scheme Damaged status Not for loan Home library Current library Shelving location Date acquired Total Checkouts Full call number Barcode Date last seen Copy number Price effective from Koha item type
    Library of Congress Classification     Footprints International School Library Network Toul Kork Campus Footprints International School Library Network Toul Kork Campus TTP Secondary Fiction Bookshelves 09/04/2024   PAU 813 PZ7.P2843 2024-1881 09/04/2024 1 09/04/2024 Books
    Library of Congress Classification     Footprints International School Library Network Toul Kork Campus Footprints International School Library Network Toul Kork Campus TTP Secondary Fiction Bookshelves 09/04/2024   PAU 813 PZ7.P2843 2024-1882 09/04/2024 2 09/04/2024 Books